000 00704nam a2200265Ia 4500
003 OSt
005 20220918163802.0
006 a|||||r|||| 00| 0
007 ta
008 220917b |||||||| |||| 00| 0 eng d
020 _a0299101444
024 _a28,863
037 _cTextual
040 _aARTS
_cARTS
_beng
041 _2eng
_aeng
082 _aO111,3M16w, M4
100 _aMoglen Helene
_915371
245 0 _aCharlotte Bronte
_b the self conceived
260 _aWisconsin
_bWisconsin Press
_c1984
300 _a256p.
_ccm.
500 _aBib 243-48p
650 _aENGLISH LITERATURE
942 _hO111,3M16w, M4
_cTEXL
_2CC
999 _c121529
_d121529